[Event "RUS-chT2"]
[Site "Sochi"]
[Date "2017.05.09"]
[Round "8.2"]
[White "Barskij, Vladimir"]
[Black "Ofitserian, Boris"]
[Result "0-1"]
[WhiteElo "2389"]
[BlackElo "2391"]
[PlyCount "94"]
[EventDate "2017.05.01"]
[EventType "team-swiss"]
[EventRounds "9"]
[EventCountry "RUS"]
[SourceTitle "CBM 178 Extra"]
[Source "ChessBase"]
[SourceDate "2017.06.22"]
[SourceVersion "1"]
[SourceVersionDate "2017.06.22"]
[SourceQuality "1"]
[WhiteTeam "Moscow Eggnog"]
[BlackTeam "Moscow Region"]
[WhiteTeamCountry "RUS"]
[BlackTeamCountry "RUS"]

1. e4 c5 2. Nf3 d6 3. Bb5+ Nd7 4. c3 Ngf6 5. Qe2 a6 6. Ba4 b5 7. Bc2 Bb7 8. 0-0 e5 9. d4 Be7 10. a4 0-0 11. Rd1 Qb6 12. Bg5 h6 13. Bh4 Rfe8 14. axb5 axb5 15. Rxa8 Bxa8 16. dxe5 dxe5 17. b3 Bc6 18. Nbd2 Bf8 19. Nf1 Qb7 20. N3d2 Ra8 21. Ne3 g6 22. g4 Ra2 23. f3 Nh7 24. Bb1 Ra3 25. Bg3 Ng5 26. Kg2 Ne6 27. Nd5 Bd6 28. Qd3 Kg7 29. h4 c4 30. bxc4 b4 31. Rc1 Ndc5 32. Qf1 b3 33. Nb4 Nf4+ 34. Kh2 Na4 35. Bxf4 exf4 36. Qd3 b2 37. Qd4+ Kg8 38. Rc2 Bxb4 39. cxb4 Qxb4 40. Qd8+ Qf8 41. Qf6 Qc5 42. Qxf4 Qf2+ 43. Kh3 h5 44. Qf6 hxg4+ 45. Kxg4 Bd7+ 46. Kg5 Qe3+ 47. f4 Qc5+ 0-1

[Event "RUS-chT2"]
[Site "Sochi"]
[Date "2017.05.07"]
[Round "6.1"]
[White "Yuffa, Daniil"]
[Black "Ofitserian, Boris"]
[Result "0-1"]
[WhiteElo "2510"]
[BlackElo "2391"]
[PlyCount "90"]
[EventDate "2017.05.01"]
[EventType "team-swiss"]
[EventRounds "9"]
[EventCountry "RUS"]
[SourceTitle "CBM 178 Extra"]
[Source "ChessBase"]
[SourceDate "2017.06.22"]
[SourceVersion "1"]
[SourceVersionDate "2017.06.22"]
[SourceQuality "1"]
[WhiteTeam "Togliatti Bukavshin"]
[BlackTeam "Moscow Region"]
[WhiteTeamCountry "RUS"]
[BlackTeamCountry "RUS"]

1. Nf3 Nf6 2. c4 c5 3. Nc3 d5 4. cxd5 Nxd5 5. g3 Nc6 6. Bg2 Nc7 7. 0-0 e5 8. d3 Be7 9. Nd2 Be6 10. Nc4 f6 11. Bxc6+ bxc6 12. Qa4 Qd7 13. Be3 Nd5 14. Qa5 Nxe3 15. Nxe3 Rb8 16. Rab1 h5 17. h4 0-0 18. Nc4 Bd5 19. Qa4 Rb4 20. Qd1 Qh3 21. e4 Be6 22. Ne3 g6 23. Qe2 Rd8 24. Rfd1 Rbd4 25. b3 Bc8 26. Rd2 Bf8 27. Rbd1 Ba6 28. Qf3 Qe6 29. Qe2 Qd7 30. Qf3 Qe6 31. Qe2 Bh6 32. Na4 Qd6 33. Qf3 Bxd3 34. g4 hxg4 35. Qxg4 Kh7 36. h5 Rg8 37. Kh2 Bf4+ 38. Kh3 Bxe4 39. Nc3 f5 40. Qe2 Bd5 41. Ncxd5 cxd5 42. Rxd4 cxd4 43. Ng2 g5 44. Nxf4 gxf4 45. Qb5 Qd8 0-1

[Event "RUS-chT2"]
[Site "Sochi"]
[Date "2017.05.01"]
[Round "1.5"]
[White "Ofitserian, Boris"]
[Black "Abrekov, Mussa"]
[Result "1-0"]
[WhiteElo "2391"]
[BlackElo "2219"]
[PlyCount "107"]
[EventDate "2017.05.01"]
[EventType "team-swiss"]
[EventRounds "9"]
[EventCountry "RUS"]
[SourceTitle "CBM 178 Extra"]
[Source "ChessBase"]
[SourceDate "2017.06.22"]
[SourceVersion "1"]
[SourceVersionDate "2017.06.22"]
[SourceQuality "1"]
[WhiteTeam "Moscow Region"]
[BlackTeam "Vladikavkaz Highlanders"]
[WhiteTeamCountry "RUS"]
[BlackTeamCountry "RUS"]

1. Nf3 Nf6 2. c4 g6 3. Nc3 d5 4. cxd5 Nxd5 5. Qb3 Nb6 6. d4 Bg7 7. e4 0-0 8. Be3 Bg4 9. Rd1 Nc6 10. d5 Ne5 11. Be2 Nxf3+ 12. gxf3 Bh3 13. Rg1 Qe8 14. Nb5 Qd8 15. Rc1 c6 16. dxc6 bxc6 17. Nxa7 Rxa7 18. Bxb6 Qb8 19. Bxa7 Qxa7 20. Qa3 Qb8 21. Rg3 Bxb2 22. Qc5 Bxc1 23. Qxc1 Be6 24. a3 Qe5 25. Kf1 Rb8 26. Kg1 Rb2 27. f4 Qd4 28. Rd3 Qb6 29. Qe3 Qa5 30. Bf1 Rb1 31. Rc3 Qb5 32. Rc1 Qb2 33. Rxb1 Qxb1 34. Qd3 Qc1 35. Qe3 Qd1 36. Kg2 c5 37. Be2 Qc2 38. Qd3 Qc1 39. Qe3 Qc2 40. Bd3 Qb3 41. Be2 c4 42. Qxb3 cxb3 43. Bd3 Kf8 44. Kf1 Ke8 45. Ke2 Kd7 46. Kd2 Kc6 47. Kc3 Kb6 48. f5 gxf5 49. exf5 Bd5 50. f6 h6 51. fxe7 Bc6 52. Kxb3 Kc7 53. a4 Kd6 54. Bb5 1-0